LEADER 01526ngm0 22003733i 450 001 CAG0423816 005 20170908093253.0 100 $a20100616f ||||0itac50 ba 101 | $aita 102 $ait 181 1$6z01$ab $bxa2e 182 1$6z01$ag 200 1 $aSpartacus$fun film di Stanley Kubrick$gmusic conducted by Alex North$gscreeplay by Dalton Trumbo$gbased on the novel by Howard Fast 210 $a[Milano]$cMondadori$d[2002?] 215 $a1 videocassetta (VHS) (ca. 186 min.)$ccolor., son. 225 | $aVideoteca del secolo$v28 300 $a Tit. del contenitore 300 $aRipr. del film del 1961 300 $aInterpreti: Kirk Douglas, Laurence Oliver, Jean Simmons, Charles Laughton, Peter Ustinov, john Gavin, Tony Curtis 300 $aSupporto integrativo a: Panorama, TV Sorrisi e Canzoni, Ciak, Donna Moderna. 410 0$1001ANA0095008$12001 $aVideoteca del secolo$v28 500 11$aSpartacus $3UBO2543817$9953566 517 1 $aSpartacus $9MOD0893583 702 1$aTrumbo$b, Dalton$f <1905-1976>$3CFIV028698 702 1$aKubrick$b, Stanley$3CFIV082388 702 1$aDouglas$b, Kirk$3CFIV093529 702 1$aNorth$b, Alex$3RAVV090374 801 3$aIT$bIT-NA0079$c20100616 850 $aIT-NA0631 912 $aCAG0423816 950 0$aBiblioteca MADRE$d 54S. MULTIM.2002 KUB$e 54 0000007275 B 1 VHS$fZ $h20100616$i20100616 977 $a 54 996 $aSpartacus$9953566 997 $aUNISANNIO LEADER 01599nas 2200457-a 450 001 9911021272103321 005 20260218112633.0 011 $a2079-7249 035 $a(CKB)1000000000322756 035 $a(CONSER)--2006308967 035 $a(DE-599)ZDB3221348-7 035 $a(DE-599)3221348-7 035 $a(EXLCZ)991000000000322756 100 $a20070618a20069999 --- - 101 0 $aeng 181 $ctxt$2rdacontent 182 $cc$2rdamedia 183 $acr$2rdacarrier 200 00$aJordan journal of chemistry /$fthe Hashemite Kingdom of Jordan, Yarmouk University 210 $aIrbid, Jordan $cDeanship of Research & Graduate Studies, Yarmouk University$d[2006]- 215 $a1 online resource 300 $a"An international peer-reviewed research journal." 300 $aRefereed/Peer-reviewed 311 08$aPrint version: Jordan journal of chemistry / (DLC) 2006308967 (OCoLC)144606525 1814-9111 517 3 $aChemistry 517 3 $aK?miy?? 517 1 $aJJC 517 1 $aMajallah al-Urdun?yah f? al-k?miy?? 531 $aJORDAN J. CHEM 606 $aChemistry$xResearch$vPeriodicals 606 $aChemistry$xResearch$2fast$3(OCoLC)fst00853409 608 $aPeriodicals.$2fast 615 0$aChemistry$xResearch 615 7$aChemistry$xResearch. 712 02$aJa?mi?at al-Yarmu?k. 712 02$aJa?mi?at al-Yarmu?k.$b?Ima?dat al-Bah?th al-?Ilmi? wa-al-Dira?sa?t al-?Ulya?. 906 $aJOURNAL 912 $a9911021272103321 920 $aexl_impl conversion 996 $aJordan journal of chemistry$94425839 997 $aUNINA